[Event "St Petersburg Blitz"]
[Site "St Petersburg"]
[Date "2023.08.25"]
[Round "2"]
[White "Makarian, Rudik"]
[Black "Bebchuk, Boris"]
[Result "1-0"]
[WhiteElo "2548"]
[BlackElo "2060"]
[PlyCount "37"]
[EventDate "2023.08.25"]
[EventType "game (blitz)"]
[EventRounds "11"]
[EventCountry "RUS"]
[SourceTitle "CBM 216 Extra"]
[Source "ChessBase"]
[SourceDate "2023.11.30"]
[SourceVersion "1"]
[SourceVersionDate "2023.11.30"]
[SourceQuality "1"]

1. d4 Nf6 2. c4 e6 3. Nf3 b6 4. g3 Bb7 5. Bg2 Bb4+ 6. Bd2 Be7 7. 0-0 0-0 8. Nc3 d6 9. Re1 c5 10. e4 cxd4 11. Nxd4 Qc7 12. Ndb5 Qc8 13. Bf4 e5 14. Bg5 a6 15. Nxd6 Qc6 16. Nf5 Bc5 17. Nd5 Re8 18. Bxf6 gxf6 19. Qg4+ 1-0

[Event "St Petersburg Amir Cup Blitz"]
[Site "St Petersburg"]
[Date "2021.05.23"]
[Round "11"]
[White "Pershin, Denis"]
[Black "Bebchuk, Boris"]
[Result "1-0"]
[WhiteElo "2391"]
[BlackElo "2071"]
[PlyCount "141"]
[EventDate "2021.05.23"]
[EventType "swiss (blitz)"]
[EventRounds "11"]
[EventCountry "RUS"]
[SourceTitle "CBM 202 Extra"]
[Source "ChessBase"]
[SourceDate "2021.07.31"]
[SourceVersion "1"]
[SourceVersionDate "2021.07.31"]
[SourceQuality "1"]

1. d4 Nf6 2. c4 e6 3. Nc3 Bb4 4. Qc2 0-0 5. e4 d6 6. e5 dxe5 7. dxe5 Nfd7 8. Nf3 Nc6 9. Bf4 Qe7 10. Bd3 h6 11. 0-0-0 Bc5 12. a3 a6 13. g4 b5 14. Bh7+ Kh8 15. Be4 Bb7 16. Bxh6 Bxa3 17. bxa3 Qxa3+ 18. Qb2 Qxb2+ 19. Kxb2 Nb6 20. cxb5 axb5 21. Be3 Nc4+ 22. Kc1 b4 23. Nb1 b3 24. Nfd2 N4xe5 25. Nxb3 Ra2 26. h3 Nb4 27. Nc3 Bxe4 28. Nxe4 Nbd3+ 29. Rxd3 Nxd3+ 30. Kd1 Rfa8 31. Rf1 Rb2 32. Nbd2 f5 33. gxf5 exf5 34. Nc3 f4 35. Bd4 f3 36. Ncb1 Rb5 37. Rg1 c5 38. Bxg7+ Kh7 39. Bc3 Nxf2+ 40. Kc2 Ra2+ 41. Kc1 Nd3+ 42. Kd1 f2 43. Rf1 Rb7 44. Ke2 Rd7 45. Ke3 Ra8 46. Ne4 Re8 47. Nbd2 Kg6 48. Kf3 Rf7+ 49. Ke3 Rf5 50. Kxd3 Rh5 51. Nxf2 Rf8 52. Rg1+ Kf5 53. Nde4 Kf4 54. Bd2+ Ke5 55. Bc3+ Ke6 56. Rg6+ Kf7 57. Rf6+ Ke7 58. Rxf8 Kxf8 59. Kc4 Ke7 60. Bd2 Ke6 61. Be3 Rh4 62. Bxc5 Ke5 63. Kd3 Kf4 64. Bd6+ Kf3 65. Kd4 Rh8 66. Ke5 Rh5+ 67. Kf6 Rh6+ 68. Kg5 Rh8 69. h4 Rg8+ 70. Kf5 Rf8+ 71. Bxf8 1-0

[Event "Calvia Amateur op 13th"]
[Site "Calvia"]
[Date "2016.10.16"]
[Round "9"]
[White "Bebchuk, Boris"]
[Black "Walton, Alan J"]
[Result "0-1"]
[WhiteElo "2125"]
[BlackElo "2198"]
[PlyCount "76"]
[EventDate "2016.10.08"]
[EventType "swiss"]
[EventRounds "9"]
[EventCountry "ESP"]
[SourceTitle "CBM 175 Extra"]
[Source "ChessBase"]
[SourceDate "2016.12.12"]
[SourceVersion "1"]
[SourceVersionDate "2016.12.12"]
[SourceQuality "1"]

1. d4 d5 2. c4 e6 3. Nc3 c5 4. cxd5 exd5 5. Nf3 Nc6 6. g3 Nf6 7. Bg2 Be7 8. 0-0 0-0 9. Bg5 c4 10. b3 h6 11. Bxf6 Bxf6 12. e3 Bg4 13. h3 Bh5 14. bxc4 dxc4 15. Qa4 Rc8 16. Ne4 Re8 17. Nxf6+ Qxf6 18. g4 Bg6 19. Qxc4 Be4 20. Qe2 h5 21. gxh5 Qh6 22. Rac1 Qxh5 23. Rc5 f5 24. Qc4+ Kh7 25. Nh2 b6 26. f3 bxc5 27. fxe4 cxd4 28. exf5 dxe3 29. Bxc6 e2 30. Re1 Qxh3 31. Nf3 Qg3+ 32. Kh1 Qxf3+ 33. Bxf3 Rxc4 34. Kg2 Kh6 35. Kf2 Kg5 36. Bxe2 Rc2 37. Rg1+ Kxf5 38. Re1 Rxa2 0-1

[Event "Calvia Amateur op 13th"]
[Site "Calvia"]
[Date "2016.10.15"]
[Round "8"]
[White "Ballesteros Gonzalez, David"]
[Black "Bebchuk, Boris"]
[Result "1-0"]
[WhiteElo "2167"]
[BlackElo "2125"]
[PlyCount "75"]
[EventDate "2016.10.08"]
[EventType "swiss"]
[EventRounds "9"]
[EventCountry "ESP"]
[SourceTitle "CBM 175 Extra"]
[Source "ChessBase"]
[SourceDate "2016.12.12"]
[SourceVersion "1"]
[SourceVersionDate "2016.12.12"]
[SourceQuality "1"]

1. d4 Nf6 2. c4 e6 3. Nf3 c5 4. d5 exd5 5. cxd5 d6 6. Nc3 g6 7. e4 Bg7 8. Bb5+ Nfd7 9. Bg5 Qa5 10. 0-0 a6 11. Be2 b5 12. Nd2 Qb6 13. a4 b4 14. Nc4 Qc7 15. Nb1 Ne5 16. Nbd2 Nbd7 17. Nxe5 Nxe5 18. f4 Nd7 19. Qc2 0-0 20. a5 Re8 21. Nc4 Bb7 22. Rae1 Nf6 23. Bf3 Rab8 24. Qd3 h6 25. Bh4 Nh7 26. e5 g5 27. fxg5 hxg5 28. Bh5 Rf8 29. exd6 Qd8 30. Bxf7+ Kh8 31. Bg3 Bd4+ 32. Kh1 Qd7 33. Re7 Qb5 34. Qxd4+ cxd4 35. Be5+ Nf6 36. Bxf6+ Kh7 37. Be8+ Kg8 38. Bxb5 1-0

[Event "Calvia Amateur op 13th"]
[Site "Calvia"]
[Date "2016.10.11"]
[Round "4"]
[White "Moreno Mateos, Jose Luis"]
[Black "Bebchuk, Boris"]
[Result "0-1"]
[WhiteElo "1885"]
[BlackElo "2125"]
[PlyCount "100"]
[EventDate "2016.10.08"]
[EventType "swiss"]
[EventRounds "9"]
[EventCountry "ESP"]
[SourceTitle "CBM 175 Extra"]
[Source "ChessBase"]
[SourceDate "2016.12.12"]
[SourceVersion "1"]
[SourceVersionDate "2016.12.12"]
[SourceQuality "1"]

1. d4 Nf6 2. c4 e6 3. Bg5 h6 4. Bh4 Bb4+ 5. Nd2 0-0 6. Ngf3 d5 7. e3 Nbd7 8. Bd3 c6 9. 0-0 Bd6 10. e4 dxe4 11. Nxe4 Be7 12. Qe2 Re8 13. Rad1 Nh5 14. Bxe7 Qxe7 15. Qe3 e5 16. dxe5 Nxe5 17. Nxe5 Qxe5 18. Qf3 Be6 19. Rfe1 Qf5 20. Qxf5 Bxf5 21. Nf6+ Nxf6 22. Bxf5 g6 23. Bc2 Rxe1+ 24. Rxe1 Rd8 25. Rd1 Rxd1+ 26. Bxd1 Kf8 27. Kf1 Ke7 28. Ke2 Kd6 29. Kd3 Kc5 30. a3 a5 31. f3 Nd7 32. Kc3 b6 33. b4+ axb4+ 34. axb4+ Kd6 35. Kd4 c5+ 36. bxc5+ Nxc5 37. Bc2 Ne6+ 38. Ke4 f5+ 39. Ke3 Ke5 40. g3 f4+ 41. Kf2 g5 42. Bh7 Kd4 43. Bg8 Nc5 44. Kg2 Ke3 45. Bd5 Nd3 46. Kh3 Ne5 47. Kg2 Ke2 48. h4 Ke3 49. hxg5 hxg5 50. Kh3 Nxf3 0-1

[Event "Chigorin Memorial 22nd"]
[Site "St Petersburg"]
[Date "2014.10.19"]
[Round "2"]
[White "Bebchuk, Boris"]
[Black "Nezad, Husein Aziz"]
[Result "0-1"]
[WhiteElo "2204"]
[BlackElo "2400"]
[PlyCount "96"]
[EventDate "2014.10.18"]
[EventType "swiss"]
[EventRounds "9"]
[EventCountry "RUS"]
[SourceTitle "EXT 2015"]
[Source "ChessBase"]
[SourceDate "2014.11.20"]
[SourceVersion "1"]
[SourceVersionDate "2014.11.20"]
[SourceQuality "1"]

1. e4 e5 2. Nf3 Nc6 3. Bb5 Nf6 4. 0-0 Nxe4 5. d4 Nd6 6. Bxc6 dxc6 7. dxe5 Nf5 8. Qxd8+ Kxd8 9. h3 Bd7 10. b3 Kc8 11. Bb2 h6 12. Nc3 a5 13. a4 b6 14. Ne2 c5 15. c4 Kb7 16. Rad1 Bc6 17. Nf4 g5 18. Nd5 Ng7 19. Nh2 Ne6 20. Ng4 Bg7 21. Rfe1 Rad8 22. Nge3 Rd7 23. f3 Rhd8 24. g3 Bh8 25. Kf2 Nd4 26. Bxd4 cxd4 27. Nf5 Bxd5 28. cxd5 Rxd5 29. Nxh6 R8d7 30. f4 gxf4 31. gxf4 b5 32. Rg1 bxa4 33. bxa4 c5 34. Rg8 Bxe5 35. fxe5 Rxe5 36. Ng4 Rh5 37. Kg3 Rd6 38. h4 c4 39. Rg5 Rxg5 40. hxg5 c3 41. Rc1 Kc6 42. Kf4 Kd5 43. Ne3+ dxe3 44. Rxc3 e2 45. Rc1 Re6 46. Re1 Kd4 47. Kf3 Kd3 48. Kf2 Kd2 0-1

[Event "EU-ch Seniors 50 Rapid"]
[Site "Porto"]
[Date "2014.03.20"]
[Round "7"]
[White "Bebchuk, Boris"]
[Black "Maryasin, Boris Feliksovich"]
[Result "0-1"]
[WhiteElo "2126"]
[BlackElo "2305"]
[PlyCount "98"]
[EventDate "2014.03.19"]
[EventType "swiss (rapid)"]
[EventRounds "9"]
[EventCountry "POR"]
[SourceTitle "EXT 2015"]
[Source "ChessBase"]
[SourceDate "2014.11.20"]
[SourceVersion "1"]
[SourceVersionDate "2014.11.20"]
[SourceQuality "1"]

1. d4 d5 2. Nf3 Nf6 3. c4 dxc4 4. e3 b5 5. a4 b4 6. Bxc4 e6 7. 0-0 Bb7 8. a5 Be7 9. Ne5 0-0 10. a6 Bd5 11. Nd2 c5 12. Nb3 Bxc4 13. Nxc4 Qd5 14. Qe2 cxd4 15. Nxd4 Nbd7 16. Rd1 Rac8 17. Na5 Qa8 18. f3 Bc5 19. Kh1 Ne5 20. e4 Qb8 21. Bf4 Nh5 22. Be3 Ng6 23. Rac1 Nhf4 24. Qf2 Bxd4 25. Rxc8 Qxc8 26. Bxd4 Qxa6 27. Nb3 Rd8 28. g3 Qc4 29. Na5 Qe2 30. Rc1 Rxd4 31. Qxe2 Nxe2 32. Rc8+ Nf8 33. Nc6 Rd7 34. Re8 g5 35. Nxb4 Kg7 36. Nc6 Nd4 37. Ne5 Rb7 38. Rd8 f6 39. Nd3 Nxf3 40. Ra8 Ng6 41. b4 Nge5 42. Nc5 Rxb4 43. Rxa7+ Kg6 44. Nxe6 Rb1+ 45. Kg2 Rb2+ 46. Kf1 Nxh2+ 47. Ke1 Nhf3+ 48. Kd1 Nd3 49. Nf8+ Kh5 0-1

[Event "EU-ch Seniors 50 14th"]
[Site "Porto"]
[Date "2014.03.12"]
[Round "4"]
[White "Bebchuk, Boris"]
[Black "Sturua, Zurab"]
[Result "0-1"]
[WhiteElo "2162"]
[BlackElo "2524"]
[PlyCount "83"]
[EventDate "2014.03.09"]
[EventType "swiss"]
[EventRounds "9"]
[EventCountry "POR"]
[SourceTitle "CBM 159 Extra"]
[Source "ChessBase"]
[SourceDate "2014.04.24"]
[SourceVersion "1"]
[SourceVersionDate "2014.04.24"]
[SourceQuality "1"]

1. d4 d6 2. e4 Nf6 3. Nc3 g6 4. Nf3 Bg7 5. Bg5 c6 6. Qd2 Qa5 7. Bd3 h6 8. Bh4 Nbd7 9. h3 e5 10. 0-0 Qc7 11. Rfe1 0-0 12. a4 Nh5 13. Bc4 Ndf6 14. Bxf6 Nxf6 15. dxe5 dxe5 16. Rad1 Re8 17. Re3 Bf8 18. Nb1 Be6 19. Qc3 Bxc4 20. Qxc4 Kg7 21. Red3 a6 22. Nbd2 Rad8 23. Rxd8 Rxd8 24. Re1 Nd7 25. b3 Qa5 26. Qe2 Qc5 27. Qc4 b5 28. axb5 axb5 29. Qxc5 Nxc5 30. Ra1 f5 31. Re1 Kf6 32. Kf1 Ne6 33. exf5 gxf5 34. Rxe5 Bb4 35. Re2 Nf4 36. g3 Nxe2 37. Kxe2 Re8+ 38. Kd3 Bc5 39. g4 Bxf2 40. c4 Re3+ 41. Kc2 b4 42. Nd4 0-1

[Event "EU-ch Seniors 50 14th"]
[Site "Porto"]
[Date "2014.03.11"]
[Round "3"]
[White "Bruno, Fabio"]
[Black "Bebchuk, Boris"]
[Result "1/2-1/2"]
[WhiteElo "2410"]
[BlackElo "2162"]
[PlyCount "111"]
[EventDate "2014.03.09"]
[EventType "swiss"]
[EventRounds "9"]
[EventCountry "POR"]
[SourceTitle "CBM 159 Extra"]
[Source "ChessBase"]
[SourceDate "2014.04.24"]
[SourceVersion "1"]
[SourceVersionDate "2014.04.24"]
[SourceQuality "1"]

1. d4 d5 2. Nf3 Nf6 3. Bf4 e6 4. e3 Bd6 5. Bg3 0-0 6. Nbd2 Nc6 7. c4 Re8 8. cxd5 exd5 9. Bb5 Bxg3 10. hxg3 Qd6 11. 0-0 Ng4 12. Bxc6 bxc6 13. Qc2 Rb8 14. b3 Bd7 15. Rfe1 Re6 16. e4 Rbe8 17. e5 Qf8 18. Qf5 Rd6 19. Qf4 Rh6 20. Ng5 f6 21. e6 fxg5 22. Qxg4 Rhxe6 23. Rxe6 Rxe6 24. Qxg5 h6 25. Qf4 Re2 26. Rd1 Bg4 27. Kf1 Rxf2+ 28. Kxf2 Bxd1 29. Ke1 Qxf4 30. gxf4 Bg4 31. Nb1 Kf7 32. Nc3 Ke6 33. Kf2 Bf5 34. Ke3 h5 35. g3 Bh3 36. Kf3 Kf5 37. Na4 Bg4+ 38. Ke3 Bd1 39. Nc5 Bc2 40. Nd7 Kg4 41. Kf2 h4 42. Ne5+ Kf5 43. gxh4 Kxf4 44. Nxc6 Ke4 45. Nxa7 Bd3 46. Nc6 Bb5 47. Nb4 Kxd4 48. a4 Bd7 49. Ke2 c5 50. Na6 c4 51. bxc4 Bxa4 52. cxd5 Bb5+ 53. Kf3 Bxa6 54. d6 Bc8 55. Kf4 Kd5 56. Kg5 1/2-1/2